|
|
|
|
| LEADER |
01047nam a2200253 a 4500 |
| 001 |
GR-MES12493 |
| 008 |
070614s gr b 001 0 gre d |
| 020 |
|
|
|a 0761924000
|
| 040 |
|
|
|a GrPaTEI
|b gre
|c GR-PaULI
|
| 040 |
|
|
|a GrPaTEI
|b gre
|c GR-PaULI
|
| 082 |
|
0 |
|a 364.36
|2 21
|
| 245 |
0 |
0 |
|a Child delinquents :
|b Development , intervention , and service needs ; editors Rolf Loeber , David P. Farrington.
|
| 260 |
|
|
|a Thousand Oaks :
|b Sage,
|c 2001
|
| 300 |
|
|
|a xxxii ,495σ. ;
|c 24εκ.
|
| 504 |
|
|
|a Περιλαμβάνει βιβλιογραφίες και ευρετήριο.
|
| 650 |
|
0 |
|a Criminal behavior , prediction of
|
| 650 |
|
0 |
|a Juvenile delinquency
|
| 650 |
|
0 |
|a Juvenile delinquents
|x Services for
|
| 700 |
0 |
|
|a Farrington David P.
|
| 700 |
0 |
|
|a Loeber Rolf
|
| 942 |
|
|
|2 ddc
|
| 952 |
|
|
|0 0
|1 0
|2 ddc
|4 0
|6 364_360000000000000_CHI
|7 0
|9 271172
|a MSLG
|b MSLG
|c BSC
|d 2021-01-17
|e 24
|f 0
|g 0.00
|l 0
|o 364.36 CHI
|p 2420000021939
|r 2021-01-17 00:00:00
|t 1
|w 2021-01-17
|y BK15
|x 20070614 0 1
|x GrPaTEI
|
| 971 |
|
|
|a .b25785400
|b 15-04-20
|c 13-09-16
|
| 999 |
|
|
|c 156593
|d 156593
|